000 00588nam a2200181Ia 4500
008 151202s9999||||xx |||||||||||||| ||und||
082 _bPNVM-33782
100 _aकेळकर गो.रा.
245 _aव्यवहारात विज्ञान पहा.
260 _b---
260 _c0
300 _a0
600 _aकेळकर गो.रा.
630 _aव्यवहारात विज्ञान पहा.
700 _aकेळकर गो.रा.
730 _aव्यवहारात विज्ञान पहा.
942 _cBOOK
999 _c1299740
_d1299737